| 000 | 00719nam a22002297a 4500 | ||
|---|---|---|---|
| 005 | 20150731111805.0 | ||
| 008 | 140714b xxu||||| |||| 00| 0 Urdu d | ||
| 010 | _aUR-9273 | ||
| 020 | q | _c500.00 | |
| 035 | _aU-7828 | ||
| 037 | _bDBAD/Pub. | ||
| 040 |
_aDPL _bUrdu |
||
| 082 | _a920 | ||
| 100 | _aسيد مظفر حسين | ||
| 245 |
_aمر د آ ہن :سيد نز ر حسين _cسيد مظفر حسين |
||
| 246 |
_aMard-e-Ahan: syed Nazar Husain _bBy Syed Muzafer Husain |
||
| 260 |
_aDistt. Thane _c2010 _bAdshot Publications |
||
| 270 |
_aMeera Road,(East) _bDisstt. Thane _e401107 _k09987025932 |
||
| 300 |
_a304ص _c22Cm (Hb) |
||
| 490 | _vVol.2 | ||
| 942 |
_2ddc _cUR _e _h920 _mس ي د |
||
| 999 |
_c95382 _d95382 |
||